LDR 00702naa#a2200181#i#450# 001 EN\\bibl\120532 005 20260503190125.7 011 ## _a2500-1825 100 ## _a20260331b2026####ek#y0engy0150####ca 102 ## _aRU 200 1# _aECONOMIC EFFICIENCY OF ENVIRONMENTAL INVESTMENTS AND THEIR IMPACT ON KEY SECTORS OF THE REGIONAL ECONOMY: AGRICULTURE AND HEALTHCARE _eJournal article 210 1# _aKrasnoyarsk _cKrasnoyarsk State Agrarian University _d2026 215 ## _a9 с. 608 ## _aJournal article _2local 675 ## _aЭкономика. Народное хозяйство. Экономические науки. 33 _z 700 #1 _aKhakhuk _gSaida Alievna 700 #1 _aHahuk _gBela Adamovna 856 4# _asej.kgau.ru _u